| 000 | 00680nam a2200241Ia 4500 | ||
|---|---|---|---|
| 003 | OSt | ||
| 005 | 20220925235536.0 | ||
| 006 | a|||||r|||| 00| 0 | ||
| 007 | ta | ||
| 008 | 220923b |||||||| |||| 00| 0 eng d | ||
| 037 | _cGeneral Book | ||
| 040 |
_aRTL _cRTL _beng |
||
| 041 |
_2eng _aeng |
||
| 082 | _aX:77.2.N8, M8 | ||
| 100 |
_aSrivastava Sneh Lata _9301407 |
||
| 245 | 0 | _aFive years plans and economic growth | |
| 260 |
_a New Delhi _bDeep and Deep India _c1988 |
||
| 300 |
_a355p. Bib p 336-52 _ccm. |
||
| 650 | _a Economics | ||
| 650 |
_aIndia _964395 |
||
| 942 |
_hX:77.2.N8, M8 _cGB _2CC |
||
| 999 |
_c597482 _d597482 |
||